000 00432nam a2200145 a 4500
001 000048083
005 20201002060917.0
008 181114s2012 dr a 000 spa d
040 _aDO-SdBNP
_bspa
_cBNPHU
082 _axxx
_bA976
245 0 _aAyer y hoy María Montez :
_bexposición homenaje.
260 _aSanto Domingo :
_bMinisterio de Cultura,
_c2012.
300 _a60 p. :
_bfotos ;
_c29 cm.
590 _aInventariado, 2018 / DG
999 _c47571
_d47571